| 000 | 00543nam a2200181Ia 4500 | ||
|---|---|---|---|
| 003 | IEPS | ||
| 005 | 20250703135240.0 | ||
| 008 | 250223s9999||||xx |||||||||||||| ||und|| | ||
| 040 | _CIEPS | ||
| 041 | _aara | ||
| 082 | _a796.07 | ||
| 100 | _aأحمد سلامة إبراهيم | ||
| 245 | 0 | _aالإختبارات و القياس في التربية البدنية | |
| 260 |
_aالقاهرة _bدار المعارف _c1980 |
||
| 300 |
_a451 ص. _bغلاف ملون ومصور _c22 سم. |
||
| 653 | _aالإختبارات | ||
| 942 | _cكتاب | ||
| 999 |
_c11179 _d11179 |
||